|
|
|
|
| LEADER |
00000nam2a2200000 4500 |
| 001 |
59748 |
| 005 |
20231031060441.0 |
| 035 |
|
|
|a (RuTPU)RU\TPU\book\63204
|
| 090 |
|
|
|a 59748
|
| 100 |
|
|
|a 20040126d1972 km y0rusy50 ca
|
| 101 |
0 |
|
|a rus
|
| 102 |
|
|
|a RU
|
| 105 |
|
|
|a a z 001zy
|
| 200 |
0 |
|
|a Т. 3: Математика XVIII столетия
|
| 210 |
|
|
|d 1972
|
| 215 |
|
|
|a 495 с.
|c ил.
|
| 320 |
|
|
|a Именной указатель: с. 484-495
|
| 320 |
|
|
|a Библиография: с. 477-483
|
| 461 |
|
1 |
|0 (RuTPU)RU\TPU\book\63078
|t История математики с древнейших времен до начала XIX столетия
|o В 3 т.
|f Академия Наук СССР; Институт истории естествознания и техники им. С. С. Вавилова; Под ред. А. П. Юшкевича
|v Т. 3: Математика XVIII столетия
|d 1970-
|
| 610 |
1 |
|
|a математика
|
| 610 |
1 |
|
|a история
|
| 610 |
1 |
|
|a 18 век
|
| 675 |
|
|
|a 51(09)
|v 3
|
| 801 |
|
1 |
|a RU
|b 63413507
|c 20040126
|g PSBO
|
| 801 |
|
2 |
|a RU
|b 63413507
|c 20050914
|g PSBO
|
| 942 |
|
|
|c BK
|